Statistics for Countries of the USSR - 1 minute challenge

Click here to take the quiz!

General Stats

  • This quiz has been taken 352 times
  • The average score is 13 of 15

Answer Stats

Answer % Correct
Russia
92%
Ukraine
92%
Latvia
92%
Lithuania
92%
Estonia
90%
Georgia
89%
Kazakhstan
89%
Belarus
87%
Uzbekistan
87%
Tajikistan
87%
Turkmenistan
86%
Armenia
83%
Azerbaijan
82%
Kyrgyzstan
79%
Moldova
75%

Score Distribution

Percentile by Number Answered

Percent of People with Each Score

Your Score History

You have not taken this quiz